Русский язык (Запись № 12168592)

Подробности
000 -МАРКЕР
контрольное поле 01368nam1a2200325 i 4500
001 - ИДЕНТИФИКАТОР ЗАПИСИ
контрольное поле RU\NLR\BIBL_A\011863942
005 - ИДЕНТИФИКАТОР ВЕРСИИ
контрольное поле 20260607064048.0
010 ## - МЕЖДУНАРОДНЫЙ СТАНДАРТНЫЙ НОМЕР КНИГИ (ISBN)
Номер (ISBN) 9785090681100
Тираж 1000
035 ## - ДРУГИЕ СИСТЕМНЫЕ НОМЕРА
Идентификатор записи (RuMoRGB)009784423
035 ## - ДРУГИЕ СИСТЕМНЫЕ НОМЕРА
Идентификатор записи (NLR Aleph) 011863942
100 ## - ДАННЫЕ ОБЩЕЙ ОБРАБОТКИ
Данные общей обработки 20181115d2019 c y0rusy50 ca
101 0# - ЯЗЫК РЕСУРСА
Язык текста, звукозаписи и т.д. русский
102 ## - СТРАНА ПУБЛИКАЦИИ ИЛИ ПРОИЗВОДСТВА
Страна публикации Российская Федерация
105 ## - ПОЛЕ КОДИРОВАННЫХ ДАННЫХ: ТЕКСТОВЫЕ МАТЕРИАЛЫ, МОНОГРАФИЧЕСКИЕ
Кодированные данные о монографическом текстовом документе ||||j||||||||
200 1# - ЗАГЛАВИЕ И СВЕДЕНИЯ ОБ ОТВЕТСТВЕННОСТИ
Основное заглавие Русский язык
Сведения, относящиеся к заглавию 2 класс
-- учебник для общеобразовательных организаций
-- в двух частях
Первые сведения об ответственности Л. Ф. Климанова, Т. В. Бабушкина
205 ## - СВЕДЕНИЯ ОБ ИЗДАНИИ
Сведения об издании 8-е изд.
210 ## - ПУБЛИКАЦИЯ, РАСПРОСТРАНЕНИЕ И ДР.
Место издания, распространения и т.д. Москва
Имя издателя, распространителя и т. д. Просвещение
Дата издания, распространения и т.д. 2019 [т.е. 2018]
215 ## - ФИЗИЧЕСКАЯ ХАРАКТЕРИСТИКА
Размеры 26
225 1# - СЕРИЯ
Основное заглавие серии ФГОС
225 1# - СЕРИЯ
Основное заглавие серии Перспектива
300 ## - ОБЩИЕ ПРИМЕЧАНИЯ
Текст примечания Кн. фактически изд. в 2018 г.
606 ## - НАИМЕНОВАНИЕ ТЕМЫ КАК ПРЕДМЕТ
Наименование темы Русский язык
Формальный подзаголовок Учебники для начальной школы
Системный номер авторитетной/нормативной записи 1533567
Идентификатор авторитетной/нормативной записи RU\NLR\AUTH\66969347
686 3# - ИНДЕКСЫ ДРУГИХ КЛАССИФИКАЦИЙ
Индекс Ш141.12-922.1[2]
700 #1 - ИМЯ ЛИЦА - ПЕРВИЧНАЯ ОТВЕТСТВЕННОСТЬ
Материалы, к которым относится поле rus
Графика поля Кириллица
Начальный элемент ввода Климанова
Часть имени, кроме начального элемента ввода Л. Ф.
Расширение инициалов личного имени Людмила Федоровна
Идентификатор авторитетной/нормативной записи RU\NLR\AUTH\7722910
Системный номер авторитетной/нормативной записи 5965
701 #1 - ИМЯ ЛИЦА - АЛЬТЕРНАТИВНАЯ ОТВЕТСТВЕННОСТЬ
Графика поля Кириллица
Материалы, к которым относится поле rus
Начальный элемент ввода Бабушкина
Часть имени, кроме начального элемента ввода Т. В.
Даты 1950-
Расширение инициалов личного имени Татьяна Владимировна
Системный номер авторитетной/нормативной записи 93065
Идентификатор авторитетной/нормативной записи RU\NLR\AUTH\77110140
852 ## - МЕСТОНАХОЖДЕНИЕ И ШИФР ХРАНЕНИЯ
Идентификатор организации NLR
Шифр хранения (Call Number) 2018-7/6486
942 ## - ДОПОЛНИТЕЛЬНЫЕ ЭЛЕМЕНТЫ ЗАПИСИ (АБИС)
Тип экземпляра АБИС Книга

Нет доступных экземпляров.